000 01029nam a2200265Ia 4500
001 ebr5000114
003 CaPaEBR
006 m u
007 cr cn|||||||||
008 800124r20011848onc s 000 0 eng d
040 _aCaPaEBR
_cCaPaEBR
035 _a(OCoLC)70741369
050 1 4 _aHB161
_b.M6 2001eb
100 1 _aMill, John Stuart,
_d1806-1873.
245 1 4 _aThe Principles of political economy
_h[electronic resource] /
_cJohn Stuart Mill.
260 _aKitchener, Ont. :
_bBatoche,
_c2001.
300 _a1136 p.
500 _aOriginally published : [S.l. : s.n.], 1848.
533 _aElectronic reproduction.
_bPalo Alto, Calif. :
_cebrary,
_d2009.
_nAvailable via World Wide Web.
_nAccess may be limited to ebrary affiliated libraries.
650 0 _aEconomics.
650 0 _aClassical school of economics.
655 7 _aElectronic books.
_2local
710 2 _aebrary, Inc.
856 4 0 _uhttp://site.ebrary.com/lib/rucke/Doc?id=5000114
_zAn electronic book accessible through the World Wide Web; click to view
999 _c2149
_d2149